|
|
|
|
| LEADER |
00000naa2a2200000 4500 |
| 001 |
626687 |
| 005 |
20231102024226.0 |
| 035 |
|
|
|a (RuTPU)RU\TPU\conf\26185
|
| 035 |
|
|
|a RU\TPU\conf\26183
|
| 090 |
|
|
|a 626687
|
| 100 |
|
|
|a 20180423d2018 k y0rusy50 ca
|
| 101 |
0 |
|
|a rus
|
| 102 |
|
|
|a RU
|
| 105 |
|
|
|a y z 101zy
|
| 135 |
|
|
|a drgn ---uucaa
|
| 181 |
|
0 |
|a i
|
| 182 |
|
0 |
|a b
|
| 200 |
1 |
|
|a Методологический подход к оценке техногенного воздействия молочного модульного комплекса МАКОМ-1000 на окружающую среду
|f М. Я. Алиева, Т. А. Веремей
|g науч. рук. Е. С. Торосян
|
| 203 |
|
|
|a Текст
|c электронный
|
| 225 |
1 |
|
|a Экология, безопасность и охрана труда на предприятии
|
| 230 |
|
|
|a 1 компьютерный файл (pdf; 118 Kb)
|
| 300 |
|
|
|a Заглавие с экрана
|
| 320 |
|
|
|a [Библиогр.: с. 198 (6 назв.)]
|
| 463 |
|
0 |
|0 (RuTPU)RU\TPU\conf\26047
|t Прогрессивные технологии и экономика в машиностроении
|o сборник трудов IX Всероссийской научно-практической конференции для студентов и учащейся молодежи, 5-7 апреля 2018 г., Юрга
|f Национальный исследовательский Томский политехнический университет (ТПУ), Юргинский технологический институт (ЮТИ) ; под ред. Д. А. Чинахова
|v [С. 196-198]
|d 2018
|
| 610 |
1 |
|
|a электронный ресурс
|
| 610 |
1 |
|
|a труды учёных ТПУ
|
| 610 |
1 |
|
|a методологический подход
|
| 610 |
1 |
|
|a техногенные воздействия
|
| 610 |
1 |
|
|a комплексы
|
| 610 |
1 |
|
|a окружающая среда
|
| 610 |
1 |
|
|a молочная промышленность
|
| 610 |
1 |
|
|a антропогенные воздействия
|
| 610 |
1 |
|
|a выбросы
|
| 610 |
1 |
|
|a водные объекты
|
| 610 |
1 |
|
|a энергоемкость
|
| 610 |
1 |
|
|a твердые отходы
|
| 610 |
1 |
|
|a сточные воды
|
| 610 |
1 |
|
|a вода
|
| 610 |
1 |
|
|a очистка
|
| 700 |
|
1 |
|a Алиева
|b М. Я.
|
| 701 |
|
1 |
|a Веремей
|b Т. А.
|
| 702 |
|
1 |
|a Торосян
|b Е. С.
|c специалист в области экологии и безопасности жизнедеятельности
|c старший преподаватель Юргинского технологического института (филиал) Томского политехнического университета
|f 1981-
|g Елена Самвеловна
|2 stltpush
|4 727
|9 11607
|
| 712 |
0 |
2 |
|a Национальный исследовательский Томский политехнический университет (ТПУ)
|b Юргинский технологический институт (филиал) (ЮТИ)
|b Кафедра безопасности жизнедеятельности, экологии и физического воспитания (БЖДЭФВ)
|h 2240
|2 stltpush
|3 (RuTPU)RU\TPU\col\18930
|
| 801 |
|
2 |
|a RU
|b 63413507
|c 20191226
|g RCR
|
| 856 |
4 |
|
|u http://earchive.tpu.ru/handle/11683/47139
|
| 942 |
|
|
|c BK
|